000 00725nam a2200181Ia 4500
008 100920s9999 xx 000 0 und d
082 _b82495
_a150 न 02
100 _aपवार प्रदिप.
245 _aझटपट व्यक्तमित्व कसे सुधाराल ?.
260 _bइंद्रायणी साहित्य प्रकाशन पुणे 30.
_c2002
300 _a92
_bसाधी
365 _b50
520 _aशाउ.
630 _aझटपट व्यक्तमित्व कसे सुधाराल ?.
650 _aशाउ.
730 _aझटपट व्यक्तमित्व कसे सुधाराल ?.
942 _cBOOK
999 _c723182
_d723179